000 00887nam2a2200265 4500
001 RU\NLR\bibl\1951213
005 20250616204102.0
010 _a978-5-699-56100-1
_97000
021 _aRU
_b2012-1121и
035 _a(NLR Aleph) 001940352
090 _a3556859
_c3556859
100 _a20121003d2012 |||y0rusy50 ca
101 1 _arus
_cund
102 _aRU
105 _aa |||||||||
200 0 _a[Кн.] 2
210 _d2012
_aБ. м.
215 _a182, [4] с. ил.
461 0 _1001RU\NLR\bibl\1888550
_12001#$aСтальной алхимик$v[Кн. 2]
_92754876
_cМосква
_d2011
_fХирому Аракава [текст и рисунок]
_nЭксмо
_o[манга]
_tСтальной алхимик
_v[Кн. 2]
700 1 _aХирому Аракава
_4070
801 0 _aRU
_bNLR
_c20121003
_gRCR
801 1 _aRU
_bNLR
_c20121003
942 _cBOOK
980 _aNB